00813cam a2200241 4500001000700000003000600007005001700013008004100030010001600071020001500087020001800102035001800120040005400138050001700192082001700209100002000226245010600246260006100352300003000413504002500443650004800468655005500516873947OCoLC20181122150829.0740408s1973 caua bf 000 0 eng  a 73094411 a0830702946 a9780830702947 a(OCoLC)873947 aDLCbengcDLCdOCLdAU@dOCLCQdOCLCFdCFTdCIRBC00aBV3790b.G440 a254.5bG362G1 aGerber, Vergil.10aGod's way to keep a church going & growing /cVergil Gerber.bA manual for Evangelism/ Church Growth/ aSouth Pasadena, Calif. :bWilliam Carey Library,cc1973. a95 p. :billus. ;c20 cm. aBibliography: p. 69. 0aEvangelistic workvHandbooks, manuals, etc. 7aHandbooks, manuals, etc.2fast0(OCoLC)fst01423877